| 000 | 00720nam a2200193 i 4500 | ||
|---|---|---|---|
| 001 | bg | ||
| 100 | 1 |
_aSANGLERAT, Guy _d(1924- ) |
|
| 245 | 0 |
_aPractical problems in soil mechanics and foundation engineering, 1 : _bphysical characteristics of soils, plasticity, settlement calculations, interpretation of in-situ tests / _cGuy Sanglerat, Gilbert Olivari, Bernard Cambou. |
|
| 260 |
_aAmsterdam : _bElsevier, _c1984. |
||
| 490 | 1 |
_aDevelopments in Geotechnical Engineering ; _v34A |
|
| 700 | 1 | _aOLIVARI, Gilbert | |
| 700 | 1 | _aCAMBOU, Bernard | |
| 830 | _aDevelopments in Geotechnical Engineering ; | ||
| 040 | _cBPK | ||
| 041 | _apol | ||
| 080 | _a624.1 | ||
| 942 | _cKS | ||
| 008 | s pl f |000 0 pol | ||
| 999 |
_c28469 _d28469 |
||
| 856 |
_uhttp://koha.tu.koszalin.pl/cgi-bin/koha/opac-detail.pl?biblionumber=28469 _yKatalog online BPK |
||